Skutečná hodnota důchodů
Sociálna politika vlády ČR voči dôchodcom je neuspokojivá. Dôchodky v r. 1994. Nedostatočný mechanizmus zvyšovania dôchodkov. Zvaz dôchodcov ČR predložil nový návrh zásad pre zvyšovanie dôchodkov na začiatku r. 1993. Finančná náročnosť návrhu organizácie dôchodcov.
Salvato in:
| Autore principale: | |
|---|---|
| Natura: | Capitolo di libro |
| Lingua: | ceco |
| Soggetti: | |
| Tags: |
Nessun Tag, puoi essere il primo ad aggiungerne!!
|
MARC
| LEADER | 00000naa a2200000 4500 | ||
|---|---|---|---|
| 001 | r015346 | ||
| 005 | 20221205090033.1 | ||
| 041 | 0 | |a cze | |
| 044 | |a CZ | ||
| 245 | 1 | 0 | |a Skutečná hodnota důchodů |c E. Semmel |
| 520 | |a Sociálna politika vlády ČR voči dôchodcom je neuspokojivá. Dôchodky v r. 1994. Nedostatočný mechanizmus zvyšovania dôchodkov. Zvaz dôchodcov ČR predložil nový návrh zásad pre zvyšovanie dôchodkov na začiatku r. 1993. Finančná náročnosť návrhu organizácie dôchodcov. | ||
| 610 | 2 | 0 | |a politika sociálna |
| 610 | 2 | 0 | |a dôchodky |
| 610 | 2 | 0 | |a Česko |
| 100 | 1 | |a Semmel, E. | |